000 00487nam a2200181Ia 4500
005 20260415160345.0
008 008 250505s9999 xx 000 0 hin d
037 _aTextual
040 _aFEDL
_beng
_cFEDL
041 _ahin
_2eng
084 _a891.72 TOL
_qFEDL
100 _aTolstoy
245 0 _aBalko ka vivek
260 _aNew Delhi, India
_bSasta Sahitya Mandal
_c1947
300 _a67p.
942 _cTEXL
_h891.72 TOL
999 _c1322049
_d1322049